000
00219 a2200097 4500
001
30970
100
_a
Kaplan Wilfred
245
_a
Advanced Calculus
260
_a
London
_b
Addison Wesley
_c
1973
090
_c
20995
_d
20995
942
_a
NUST-CAE
_c
M
_c
12219
999
_c
266043
_d
266043